| 000 | 00622cam a22002053a 4500 | ||
|---|---|---|---|
| 001 | 45256 | ||
| 003 | PGUSA | ||
| 005 | 20140828084033.0 | ||
| 008 | 140329s2014||||xxu|||||s|||||000 | eng d | ||
| 040 |
_aPGUSA _beng |
||
| 042 | _adc | ||
| 245 | 1 | 4 |
_aThe Jesuit Relations and Allied Documents, Vol. II : _bAcadia, 1612-1614 _h[electronic resource] / _cVarious |
| 260 |
_bProject Gutenberg, _c2014 |
||
| 506 | _aPublic domain in the USA. | ||
| 516 | _aElectronic text | ||
| 700 | 1 |
_aThwaites, Reuben Gold, _d1853-1913 |
|
| 830 | 0 |
_aProject Gutenberg _v45256 |
|
| 856 | 4 | 0 | _uhttp://www.gutenberg.org/ebooks/45256 |
| 942 | _cEB | ||
| 999 |
_c274507 _d274507 |
||